000 00623nam a2200241Ia 4500
003 OSt
005 20220924123659.0
006 a|||||r|||| 00| 0
007 ta
008 220923b |||||||| |||| 00| 0 urd d
020 _c100
024 _a311391
037 _cTextual
040 _aARTS
_cARTS
_burd
041 _2urd
_aurd
082 _aO168,1:g, M8
100 _aAnsarullah
_9193466
245 0 _aMatamaddaula aagha Meer
260 _aNew Delhi
_b Ghalib Insturdte India
_c1988
650 _aURDU POETRY
942 _hO168,1:g, M8
_cTEXL
_2CC
999 _c416686
_d416686